Kinshasa Airport Destinations - Statistics

General Stats
  • This quiz has been taken 42 times
  • The average score is 16 of 22
Answer Stats
Country City % Correct
Egypt Cairo
97%
Turkey Istanbul
97%
Kenya Nairobi
97%
France Paris
97%
Republic of the Congo Brazzaville
94%
Belgium Brussels
94%
Ethiopia Addis Ababa
91%
Morocco Casablanca
91%
South Africa Johannesburg
91%
Nigeria Lagos
91%
Angola Luanda
91%
Ivory Coast Abidjan
86%
Togo Lome
80%
Democratic Republic of the Congo Goma
69%
Uganda Entebbe
66%
Democratic Republic of the Congo Lubumbashi
66%
Democratic Republic of the Congo Kisangani
51%
Democratic Republic of the Congo Kananga
40%
Democratic Republic of the Congo Mbuji Mayi
40%
Democratic Republic of the Congo Mbandaka
17%
Democratic Republic of the Congo Gemena
14%
Democratic Republic of the Congo Kindu
14%
No matching quizzes found
Score Distribution
Percent of People with Each Score
Percentile by Number Answered
Your Score History
You have not taken this quiz